000 nam a22 7a 4500
999 _c127269
_d127269
008 171128b xxu||||| |||| 00| 0 eng d
050 _aBS2705.53.H35 2009
100 _aHansen, Walter G.
_937749
245 _aThe letter to the Philippians
_c/ Walter G. Hansen
260 _aGrand Rapids, Michigan
_bWilliam B. Eerdmans Publishing Company
_c2009
300 _axxxiii, 355p. ;
_c23cm.
440 _aThe Pillar New Testament Commentary
_937750
650 _aBible
_xN.T. Philippians
_xCommentaries
_937751
942 _2lcc
_cMONOGRAPH